000 00581nam a2200205Ia 4500
005 20250508163919.0
008 008 250505s9999 xx 000 0 eng d
020 _a0-19-565883-3
037 _aReference
040 _aFEDL
_beng
_cFEDL
041 _aeng
_2eng
084 _a330.9, IND
_qFEDL
100 _aParikh Kirit S Ed.
245 0 _aIndia development report 2002
260 _aNew Delhi, India
_bOxford University Press
_c2002
300 _axix,273p.
700 _a Radhakrishna R Ed.
_9776760
942 _cREF
_h330.9, IND
999 _c1385940
_d1385940